00867nam a22002657a 450000500170000001000130001702000100003003500130004003700160005304000120006908200160008110000280009724500980012525000110022326000420023427000290027630000280030565000240033365000220035770000260037970000270040594200250043299900190045795201250047620170124110055.0 aA-799783 c32.50 aA-799783 bCen Lib/Ret aDPLbEN a515.33bVAS aVasishtha, A. R.926224 aText book on differential calculus-I /cby A. R. Vasishtha, R. K. Gupta [and] Sukhendra singh a6th ed aMeerutbKrishna Prakashan Mediac1997 bMeeruta11, Shivaji Road a187p. :c20cm(Hb)bill. aCalculations926225 aMathematics98937 aGupta , R. K. 97313 aSukhendra singh920259 2ddccENh515.33mVAS c129388d129388 01104070aLbLd2015-07-06eCen Lib/Retg32.50l0o515.33 VASpA-799783r2015-07-06 00:00:00t1v32.50w2015-07-06yEN